Chick and the duckling (The) / (Record no. 103206)
[ view plain ]
| 000 -LEADER | |
|---|---|
| fixed length control field | 00735nam a2200181 a 4500 |
| 005 - DATE AND TIME OF LATEST TRANSACTION | |
| control field | 20140412111254.0 |
| 008 - FIXED-LENGTH DATA ELEMENTS--GENERAL INFORMATION | |
| fixed length control field | 000824s19uu xx 00 eng d |
| 020 ## - INTERNATIONAL STANDARD BOOK NUMBER | |
| International Standard Book Number | 0-689-71226-X |
| 050 ## - LIBRARY OF CONGRESS CALL NUMBER | |
| Classification number | TR(PS E |
| Item number | Ch43 1972 |
| 100 ## - MAIN ENTRY--PERSONAL NAME | |
| Personal name | Ginsburg, Mirra |
| 245 ## - TITLE STATEMENT | |
| Title | Chick and the duckling (The) / |
| Statement of responsibility, etc | by Mirra Ginsburg ; pictures by Jose Aruego & Ariane Dewey. |
| 260 ## - PUBLICATION, DISTRIBUTION, ETC. (IMPRINT) | |
| Place of publication, distribution, etc | New York : |
| Name of publisher, distributor, etc | Aladdin Paperback, |
| Date of publication, distribution, etc | 1972. |
| 300 ## - PHYSICAL DESCRIPTION | |
| Extent | 1 v. (unp.) ; ill. |
| 520 ## - SUMMARY, ETC. | |
| Summary, etc | As duckling sets off to explore the world, Chick is close behind, mimicking each of his actions with a perky "Me too". But when Duckling decides to go for a swim, his friend is in for a surprise. |
| 650 ## - SUBJECT ADDED ENTRY--TOPICAL TERM | |
| Topical term or geographic name as entry element | Chickens-Fiction |
| 650 ## - SUBJECT ADDED ENTRY--TOPICAL TERM | |
| Topical term or geographic name as entry element | Ducklings-Fiction |
| Withdrawn status | Lost status | Damaged status | Home library | Current library | Shelving location | Date acquired | Source of acquisition | Cost, normal purchase price | Total Checkouts | Full call number | Barcode | Date last seen | Price effective from | Koha item type |
|---|---|---|---|---|---|---|---|---|---|---|---|---|---|---|
| Elizalde Library | Elizalde Library | Teachers Reference Section | 08/24/2000 | 180.00 | TR(PS E Ch43 1972 | E4002 | 04/12/2014 | 04/12/2014 | Books |